000 00644nam a22001817a 4500
005 20211013134022.0
008 211013b mx ||||| |||| 00| 0 spa d
020 _a968667019X
050 0 4 _aN6559.P35
_bE34 1985
100 1 _aEder, Rita, 1943-
_eautor.
245 1 0 _aMarta Palau :
_bla intuición y la técnica /
_cRita Eder
250 _aPrimera edición
260 _aMorelia, Michoacán de Ocampo :
_bGobierno de Michoacán,
_cc1985
300 _alxxxiv, [72] páginas :
_bilustraciones ;
_c31 cm
600 1 7 _2lemb
_aPalau, Marta,
_d1934-
_xCatálogos
650 7 _2lemb
_aTrabajo en fibra
_zMéxico
_xCatálogos
942 _2lcc
_cLIB
999 _c157998
_d157996